[Event "C.to Europeo U12 femminile"]
[Site "Praga CZE"]
[Date "2012.08.18"]
[Round "2"]
[White "Di Benedetto, Desiree"]
[Black "Kaczmarska, Joanna"]
[WhiteElo "1751"]
[BlackElo "1571"]
[Result "1-0"]
[PlyCount "175"]
[EventDate "2012.08.17"]

1. e4 e5 2. d4 exd4 3. Qxd4 Nc6 4. Qe3 Nf6 5. Nc3 Bb4 6. Bd2 d6 7. O-O-O a6 8.
f3 Be6 9. g4 Qe7 10. g5 Nd7 11. f4 f6 12. h4 g6 13. Be2 O-O-O 14. Nd5 Bxd5 15.
exd5 Qxe3 16. Bxe3 Ne7 17. Bg4 f5 18. Bf3 Bc5 19. Bd4 Bxd4 20. Rxd4 Nc5 21. Ne2
Rde8 22. Rdd1 Ne4 23. Bxe4 fxe4 24. Nc3 Nf5 25. Rde1 e3 26. Rh3 Re7 27. Ne2
Rhe8 28. c3 Kd7 29. Ng3 Nxg3 30. Rxg3 Rf8 31. Rgxe3 Rxe3 32. Rxe3 Rxf4 33. Rh3
Rf5 34. c4 c6 35. dxc6+ Kxc6 36. Kc2 h6 37. gxh6 Rh5 38. Rg3 Rxh6 39. Rg4 d5
40. Kc3 a5 41. Kd4 dxc4 42. Kxc4 b6 43. a4 Kc7 44. Kd5 Kd7 45. Ke5 Ke7 46. Re4
Rh7 47. Kd5+ Kd7 48. Kc4 Rh5 49. Kd4 Kd6 50. Rf4 Ke6 51. Re4+ Kf5 52. Kd5 Rh6
53. b3 Kf6 54. Re6+ Kf5 55. Rxb6 Rxh4 56. Rb8 Kf6 57. Rf8+ Kg5 58. Ra8 Rf4 59.
Kc5 Kh4 60. Rxa5 g5 61. b4 g4 62. Ra8 Rf5+ 63. Kd6 g3 64. Rh8+ Rh5 65. Re8 Rf5
66. Re1 Rf4 67. Kc5 Rf5+ 68. Kb6 Rf4 69. Ka5 g2 70. Rg1 Kg3 71. b5 Kh2 72.
Rxg2+ Kxg2 73. b6 Kf3 74. b7 Rf8 75. Kb6 Ke4 76. a5 Kd5 77. a6 Kd6 78. a7 Rf1
79. b8=Q+ Kd7 80. Qc7+ Ke6 81. Qc4+ Ke5 82. Qxf1 Ke6 83. a8=Q Kd6 84. Qd8+ Ke5
85. Qe2+ Kf4 86. Qf8+ Kg5 87. Qg2+ Kh4 88. Qh8# 1-0

[Event "C.to Europeo U12 femminile"]
[Site "Praga CZE"]
[Date "2012.08.20"]
[Round "4"]
[White "Di Benedetto, Desiree"]
[Black "Simon, Lili"]
[WhiteElo "1751"]
[BlackElo "1848"]
[Result "0-1"]
[PlyCount "136"]
[EventDate "2012.08.17"]

1. e4 e5 2. Nf3 Nc6 3. Bb5 a6 4. Ba4 d6 5. c3 Bd7 6. O-O Nf6 7. Re1 g6 8. d4
Qe7 9. d5 Na7 10. c4 Bg7 11. Nc3 O-O 12. Bxd7 Nxd7 13. b4 b6 14. a4 a5 15. Ba3
f5 16. Nd2 axb4 17. Bxb4 Nc5 18. Nb3 Qh4 19. f3 g5 20. a5 g4 21. fxg4 Nxe4 22.
Nxe4 fxe4 23. Rxe4 Qf2+ 24. Kh1 bxa5 25. Bxa5 Nc8 26. Re1 Nb6 27. Rf1 Qe3 28.
Rxf8+ Rxf8 29. Bxb6 Qxb6 30. Rb1 Qe3 31. Na5 Qc3 32. Qe1 Qc2 33. Rc1 Qa2 34.
Kg1 Bh6 35. Ra1 Qc2 36. Qg3 Bc1 37. Qe1 Bd2 38. Qe2 Qb2 39. Rd1 Qd4+ 40. Kh1
Rf2 41. Nb3 Rxe2 42. Nxd4 exd4 43. Kg1 Be3+ 44. Kf1 Rf2+ 45. Ke1 Rxg2 46. h3
Kg7 47. Kf1 Rg1+ 48. Ke2 Rxd1 49. Kxd1 Kf6 50. Ke2 Kg5 51. Kf3 Kh4 52. Ke2 Kxh3
53. Kf3 h6 54. Ke4 Kxg4 55. Kd3 h5 56. Ke2 h4 57. Kf1 d3 58. c5 d2 59. Ke2 h3
60. c6 h2 61. Kxe3 h1=Q 62. Kxd2 Qf3 63. Ke1 Qg2 64. Kd1 Kf3 65. Kc1 Ke3 66.
Kb1 Kd3 67. Ka1 Kc3 68. Kb1 Qb2# 0-1

[Event "C.to Europeo U12 femminile"]
[Site "Praga CZE"]
[Date "2012.08.22"]
[Round "6"]
[White "Di Benedetto, Desiree"]
[Black "Mylnikova, Olga"]
[WhiteElo "1751"]
[BlackElo "1788"]
[Result "0-1"]
[PlyCount "72"]
[EventDate "2012.08.17"]

1. c4 e5 2. Nc3 Nf6 3. g3 d5 4. cxd5 Nxd5 5. Bg2 Nb6 6. Nf3 Nc6 7. O-O Be7 8.
d3 Be6 9. Bd2 O-O 10. b3 f6 11. Ne4 a5 12. Be3 Nd4 13. Bxd4 exd4 14. a3 c5 15.
a4 Nd5 16. Qc2 b6 17. Rfe1 f5 18. Ned2 Bf6 19. Nc4 Qc7 20. Nfd2 Rad8 21. Bxd5
Bxd5 22. h3 h5 23. Kh2 h4 24. Rg1 hxg3+ 25. fxg3 f4 26. Nf3 fxg3+ 27. Kg2 Rde8
28. Rae1 Bg5 29. Rgf1 Be3 30. Rd1 Bf2 31. Rc1 Qc6 32. Qd1 Rxe2 33. Rxf2 Bxf3+
34. Kg1 gxf2+ 35. Kf1 Qg6 36. Qxe2 Qg2# 0-1

[Event "C.to Europeo U12 femminile"]
[Site "Praga CZE"]
[Date "2012.08.23"]
[Round "7"]
[White "Ischenko, Iryna"]
[Black "Di Benedetto, Desiree"]
[WhiteElo "1599"]
[BlackElo "1751"]
[Result "1-0"]
[PlyCount "98"]
[EventDate "2012.08.17"]

1. d4 d5 2. Nf3 Nf6 3. e3 c5 4. Nbd2 e6 5. Bd3 c4 6. Be2 Nc6 7. O-O Bd6 8. c3
O-O 9. b3 b5 10. a4 bxa4 11. bxc4 Bd7 12. c5 Bc7 13. Bb5 Ba5 14. c4 Rb8 15.
Qxa4 Bxd2 16. Bxd2 Qc7 17. cxd5 Nxd5 18. Bxc6 Bxc6 19. Qxa7 Qc8 20. Qa3 Qc7 21.
Rfb1 Ra8 22. Qd3 Nf6 23. Qe2 Ng4 24. Rxa8 Rxa8 25. h3 Be4 26. Rc1 Nf6 27. Ne5
Bb7 28. Bb4 Nd5 29. Qd2 f6 30. Nc4 Ra4 31. Rb1 Nxb4 32. Nd6 Qc6 33. e4 h6 34.
Rxb4 Ra1+ 35. Kh2 Ba6 36. Qb2 Ra5 37. Rb8+ Kh7 38. Qc2 Ra3 39. d5 Qc7 40. Rf8
Bd3 41. Qc1 Ra5 42. Rc8 Qd7 43. Qc3 Ra6 44. Qxd3 Rxd6 45. e5+ f5 46. exd6 Qxc8
47. dxe6 Qxc5 48. d7 Qe5+ 49. g3 Qxe6 1-0

[Event "C.to Europeo U12 femminile"]
[Site "Praga CZE"]
[Date "2012.08.24"]
[Round "8"]
[White "Di Benedetto, Desiree"]
[Black "Nass, Sara"]
[WhiteElo "1751"]
[BlackElo "1219"]
[Result "1-0"]
[PlyCount "163"]
[EventDate "2012.08.17"]

1. e4 e5 2. d4 exd4 3. Qxd4 Nc6 4. Qe3 Nf6 5. Nc3 Bb4 6. Bd2 O-O 7. O-O-O Re8
8. Bc4 Bxc3 9. Bxc3 Nxe4 10. Qf4 Nf6 11. Nf3 d6 12. Ng5 Be6 13. Bd3 h6 14. h4
Nd5 15. Bh7+ Kh8 16. Rxd5 Bxd5 17. Bd3 Ne5 18. Qf5 g6 19. Nxf7+ Bxf7 20. Qxf7
Qe7 21. Qxg6 Qg7 22. Qxg7+ Kxg7 23. f4 Kg8 24. fxe5 dxe5 25. Re1 Kf7 26. Rxe5
Rxe5 27. Bxe5 c6 28. Bf4 h5 29. Kd2 Re8 30. Kc3 Re1 31. Kb4 Rh1 32. g3 Re1 33.
Kc5 Re7 34. Bc4+ Kg6 35. Kd6 Re1 36. Kd7 Rb1 37. b3 Rb2 38. Bd3+ Kf6 39. a4 Rb1
40. Kc7 b5 41. axb5 cxb5 42. Bxb5 Rb2 43. Bd3 Ra2 44. Kc6 Ra1 45. Be3 Ra2 46.
Bd4+ Kf7 47. Bc3 Ra3 48. Kb5 Ra2 49. Kb4 Ke6 50. Kc5 a5 51. Kb5 Kd5 52. Bxa5
Kd4 53. Bg6 Ke3 54. Bc7 Kd4 55. c4 Kc3 56. c5 Re2 57. Bxh5 Re7 58. Bd6 Rb7+ 59.
Ka6 Rxb3 60. c6 Kd4 61. c7 Rc3 62. Kb7 Kd5 63. c8=Q Rxc8 64. Kxc8 Kxd6 65. g4
Ke7 66. g5 Kf8 67. Kd7 Kg7 68. Be8 Kg8 69. h5 Kg7 70. h6+ Kh7 71. Ke7 Kg8 72.
g6 Kh8 73. g7+ Kh7 74. Kf7 Kxh6 75. g8=Q Kh5 76. Kf6+ Kh4 77. Qg5+ Kh3 78. Bd7+
Kh2 79. Kf5 Kh1 80. Kf4 Kh2 81. Kf3 Kh1 82. Qg2# 1-0

[Event "C.to Europeo U12 femminile"]
[Site "Praga CZE"]
[Date "2012.08.25"]
[Round "9"]
[White "Cabrera Valverde, Cristina"]
[Black "Di Benedetto, Desiree"]
[WhiteElo "1562"]
[BlackElo "1751"]
[Result "1-0"]
[PlyCount "73"]
[EventDate "2012.08.17"]

1. e4 e6 2. d3 d5 3. Nd2 Nf6 4. Ngf3 c5 5. g3 Nc6 6. Bg2 a6 7. O-O b5 8. Re1
Be7 9. e5 Nd7 10. Nf1 O-O 11. h4 Rb8 12. Bf4 Bb7 13. N1h2 c4 14. d4 Bb4 15. c3
Be7 16. Ng5 h6 17. Ngf3 b4 18. Qd2 Kh7 19. Ng4 b3 20. Bxh6 Rh8 21. Qf4 Kg8 22.
Bg5 bxa2 23. Rxa2 a5 24. Bxe7 Qxe7 25. Ng5 Ba6 26. Re3 Bb5 27. Rf3 Rf8 28. Re3
a4 29. Ra1 Na5 30. Rae1 Nb3 31. Rd1 Bc6 32. Rde1 Bb5 33. Rf3 Nb6 34. Nh3 Rh5
35. Nf6+ gxf6 36. exf6 Qd7 37. Qg4+ 1-0

[Event "C.to Europeo U14 femminile"]
[Site "Praga CZE"]
[Date "2012.08.21"]
[Round "5"]
[White "Gueci, Tea"]
[Black "Rouffignac, Marie"]
[WhiteElo "1917"]
[BlackElo "1715"]
[Result "0-1"]
[PlyCount "144"]
[EventDate "2012.08.17"]

1. e4 c5 2. Nf3 e6 3. d4 cxd4 4. Nxd4 Nf6 5. Nc3 Nc6 6. Be3 Bb4 7. f3 d5 8. Bb5
Qc7 9. O-O Bxc3 10. bxc3 O-O 11. Bg5 Nd7 12. exd5 exd5 13. Kh1 Nb6 14. Re1 Bd7
15. Nxc6 Bxc6 16. Re7 Qd6 17. Bxc6 Qxc6 18. Rb1 Rfe8 19. Qd4 Rxe7 20. Bxe7 Rc8
21. Rb3 Qe6 22. Bc5 Qe1+ 23. Qg1 Qxg1+ 24. Bxg1 f6 25. Bxb6 axb6 26. Kg1 Rc6
27. Kf2 Kf7 28. Ke3 Ke6 29. Kd3 Kd6 30. Rb4 Kc5 31. Rg4 g6 32. Ra4 b5 33. Rh4
h5 34. a4 bxa4 35. Rxa4 Ra6 36. Rb4 b5 37. Rf4 f5 38. Rd4 Ra1 39. Ke2 Rc1 40.
Kd2 Rg1 41. g3 Rg2+ 42. Kd1 Rxh2 43. f4 h4 44. gxh4 Rxh4 45. Kd2 Rh2+ 46. Kd3
Rg2 47. Rb4 Rg3+ 48. Kd2 Rg2+ 49. Kd3 Rf2 50. Rd4 Rf1 51. Ke2 Rc1 52. Kd2 Ra1
53. Ke3 Re1+ 54. Kf3 Re4 55. Rd2 Kc4 56. Rd3 d4 57. cxd4 Rxd4 58. Ra3 Rd2 59.
Ra6 Rxc2 60. Rxg6 b4 61. Rb6 b3 62. Ke3 b2 63. Rb8 Rh2 64. Rc8+ Kb3 65. Rb8+
Kc2 66. Rc8+ Kd1 67. Rd8+ Kc1 68. Rc8+ Rc2 69. Rb8 b1=Q 70. Rxb1+ Kxb1 71. Kd4
Re2 72. Kd5 Re4 0-1

[Event "C.to Europeo U14 femminile"]
[Site "Praga CZE"]
[Date "2012.08.21"]
[Round "5"]
[White "Santeramo, Alessia Carmen"]
[Black "Kyrkjebo, Marte B."]
[WhiteElo "1867"]
[BlackElo "1628"]
[Result "1-0"]
[PlyCount "85"]
[EventDate "2012.08.17"]

1. e4 e5 2. Nf3 Nc6 3. Bb5 a6 4. Ba4 Nf6 5. O-O b5 6. Bb3 Be7 7. Re1 O-O 8. c3
d6 9. h3 Na5 10. Bc2 c5 11. d4 Qc7 12. Nbd2 cxd4 13. cxd4 Nc6 14. d5 Nb4 15.
Bb1 a5 16. Nf1 Bd7 17. Qe2 a4 18. Bd2 Na6 19. Ng3 Rfe8 20. Bd3 Qb7 21. Rec1 Nc5
22. Rxc5 dxc5 23. Nxe5 Bc8 24. Bxb5 Bd7 25. Nxd7 Nxd7 26. Bc3 Qb6 27. Bxd7 Red8
28. Bc6 Rac8 29. Qg4 Bf8 30. Nh5 f6 31. Bxf6 Qc7 32. Bxd8 Rxd8 33. Nf4 Rb8 34.
Ne6 Qe7 35. Nxf8 Qxf8 36. Rd1 Rd8 37. Qe6+ Kh8 38. d6 Rc8 39. d7 Rd8 40. Qe8
Kg8 41. Bd5+ Kh8 42. Qxf8+ Rxf8 43. Be6 1-0

[Event "C.to Europeo U16"]
[Site "Praga CZE"]
[Date "2012.08.22"]
[Round "6"]
[White "Boscolo, Federico"]
[Black "Medar, Marti"]
[WhiteElo "2328"]
[BlackElo "2000"]
[Result "1-0"]
[PlyCount "81"]
[EventDate "2012.08.17"]

1. e4 c6 2. Ne2 d5 3. e5 c5 4. d4 Nc6 5. c3 Bf5 6. dxc5 e6 7. b4 a5 8. Nd4 axb4
9. cxb4 Bxb1 10. Rxb1 Rxa2 11. Bb5 Qc7 12. O-O Nge7 13. Bf4 Ng6 14. Bg3 Be7 15.
Ba4 O-O 16. Nb5 Qd8 17. Nc3 Ra3 18. Qc1 Rxa4 19. Nxa4 Ncxe5 20. Nb6 Nc6 21. Rd1
Bf6 22. Qa3 Nd4 23. Rd2 Nb5 24. Qa5 Nc3 25. Re1 d4 26. Nc4 Qd5 27. Nd6 Bg5 28.
Rd3 e5 29. h4 Bxh4 30. Qa1 Qb3 31. Rf3 Bxg3 32. Rxg3 Nf4 33. Kh2 Qe6 34. Rxc3
dxc3 35. Qxc3 Qg4 36. Qf3 Qxf3 37. gxf3 Nd3 38. Re4 f5 39. Rc4 b5 40. cxb6 Nxb4
41. Rxb4 1-0

[Event "C.to Europeo U16"]
[Site "Praga CZE"]
[Date "2012.08.22"]
[Round "6"]
[White "Urbanc, Peter"]
[Black "Basso, Pier Luigi"]
[WhiteElo "1931"]
[BlackElo "2166"]
[Result "1-0"]
[PlyCount "89"]
[EventDate "2012.08.17"]

1. d4 Nf6 2. c4 e6 3. Nc3 Bb4 4. Bg5 O-O 5. e4 h6 6. h4 d6 7. Bxf6 Qxf6 8. Qd2
c5 9. a3 Bxc3 10. bxc3 Nc6 11. Nf3 e5 12. d5 Na5 13. Rb1 b6 14. Qe3 Qe7 15. h5
Ba6 16. Nd2 Qd7 17. Rh3 Kh8 18. Bd3 Qa4 19. Qe2 Bc8 20. g4 f6 21. Rg3 Kg8 22.
Qd1 Qxd1+ 23. Kxd1 Kf7 24. f3 Bd7 25. Ke2 Rab8 26. Rgg1 Rb7 27. Nb3 Nxb3 28.
Rxb3 Rh8 29. Ke3 g6 30. hxg6+ Kxg6 31. Rb2 Ba4 32. Bc2 Be8 33. Bd3 Rbh7 34. Ra2
Rb7 35. Rb2 Rg7 36. Bc2 Kf7 37. a4 Kf8 38. Rgb1 Re7 39. Rh1 h5 40. gxh5 Bxh5
41. a5 bxa5 42. Ba4 f5 43. exf5 Kf7 44. Rbb1 e4 45. fxe4 1-0

[Event "C.to Europeo U16"]
[Site "Praga CZE"]
[Date "2012.08.23"]
[Round "7"]
[White "Bayramov, Elkhan Khayyat Oglu"]
[Black "Boscolo, Federico"]
[WhiteElo "2069"]
[BlackElo "2328"]
[Result "0-1"]
[PlyCount "96"]
[EventDate "2012.08.17"]

1. e4 c5 2. Nf3 d6 3. Nc3 Nf6 4. g3 Nc6 5. Bg2 g6 6. d3 Bg7 7. O-O O-O 8. Be3
Ng4 9. Bf4 Nd4 10. Re1 Ne5 11. Nxe5 dxe5 12. Be3 b6 13. Rf1 Ba6 14. b3 e6 15.
a4 Qd7 16. Kh1 Rac8 17. Qd2 Bb7 18. Nb5 a6 19. Na3 b5 20. Rfb1 f5 21. c3 f4 22.
gxf4 exf4 23. Bxf4 Ne2 24. Be3 Nxc3 25. Rc1 Nxe4 26. Bxe4 Bxe4+ 27. dxe4 Qxd2
28. Bxd2 Bxa1 29. Rxa1 Rxf2 30. axb5 Rxd2 31. bxa6 Rb2 32. Nb5 Rxb3 33. a7 Rxb5
34. a8=Q Rxa8 35. Rxa8+ Kg7 36. Ra7+ Kf6 37. Rxh7 Rb2 38. Rc7 Rc2 39. Kg1 Ke5
40. Rc6 c4 41. h4 c3 42. Kh1 Kd4 43. Rxe6 Rd2 44. Rxg6 c2 45. Rc6 Rd1+ 46. Kg2
c1=Q 47. Rxc1 Rxc1 48. Kf3 Rf1+ 0-1

[Event "XI Open Challenge"]
[Site "Bergamo ITA"]
[Date "2012.07.13"]
[Round "1"]
[White "Cocconcelli, Lorenzo"]
[Black "Scarabelli, Maurizio"]
[WhiteElo "1994"]
[BlackElo "1808"]
[Result "1-0"]
[PlyCount "88"]
[EventDate "2012.07.13"]

1. d4 d5 2. c4 e6 3. Nc3 Nf6 4. Nf3 Be7 5. Bf4 c6 6. e3 Nbd7 7. Bd3 O-O 8. h3
dxc4 9. Bxc4 Nd5 10. Bg3 N7f6 11. Qc2 a6 12. a4 Nb4 13. Qb1 Qa5 14. O-O Nbd5
15. Rc1 Nxc3 16. bxc3 c5 17. Bd3 h6 18. Ne5 Qd8 19. Nc4 Nd7 20. Ra2 Ra7 21. a5
Re8 22. Be4 Nf6 23. Bf3 Nd7 24. Rb2 cxd4 25. cxd4 Nf6 26. Bxb7 Bxb7 27. Rxb7
Rxb7 28. Qxb7 Qa8 29. Qxa8 Rxa8 30. Nb6 Ra7 31. f3 Bb4 32. Ra1 Bd2 33. Nc4 Bb4
34. Rb1 Bc3 35. Rb3 Nd5 36. Kf1 Ba1 37. Ra3 Nxe3+ 38. Rxe3 Bxd4 39. Rd3 Bf6 40.
Bf2 Rb7 41. Bb6 g5 42. Nd2 Be5 43. Ne4 f5 44. Nc5 Bg3 1-0

[Event "XI Open Challenge"]
[Site "Bergamo ITA"]
[Date "2012.07.13"]
[Round "1"]
[White "Di Girolamo, Marco"]
[Black "Traverso, Massimiliano"]
[WhiteElo "1803"]
[BlackElo "1957"]
[Result "1/2-1/2"]
[PlyCount "60"]
[EventDate "2012.07.13"]

1. e4 c5 2. Nf3 Nc6 3. d4 cxd4 4. Nxd4 Nf6 5. Nc3 e5 6. Ndb5 d6 7. Bg5 a6 8.
Bxf6 gxf6 9. Na3 f5 10. exf5 Bxf5 11. Bd3 Be6 12. Bc4 Bf5 13. Qf3 Bg6 14. O-O-O
Bh6+ 15. Kb1 Rb8 16. Ne4 Nd4 17. Nf6+ Kf8 18. Rxd4 exd4 19. Re1 Kg7 20. Nh5+
Bxh5 21. Qxh5 Qf6 22. Qg4+ Kf8 23. Qd7 Bg5 24. f4 Qxf4 25. Rf1 Re8 26. Qxf7+
Qxf7 27. Rxf7+ Kg8 28. Rxb7+ Kf8 29. Rf7+ Kg8 30. Rb7+ Kf8 1/2-1/2

[Event "XI Open Challenge"]
[Site "Bergamo ITA"]
[Date "2012.07.13"]
[Round "2"]
[White "Moroni, Luca"]
[Black "Georgieva, Emilia"]
[WhiteElo "1833"]
[BlackElo "1951"]
[Result "0-1"]
[PlyCount "128"]
[EventDate "2012.07.13"]

1. Nf3 c6 2. d4 d5 3. c3 Bf5 4. Bf4 Nf6 5. h3 h6 6. e3 Qb6 7. Qb3 Nbd7 8. Nbd2
g5 9. Qxb6 axb6 10. Be5 Nxe5 11. Nxe5 Nd7 12. Ndf3 f6 13. Nxd7 Kxd7 14. Kd2 Bg7
15. Bd3 Be6 16. e4 dxe4 17. Bxe4 Rxa2 18. Rxa2 Bxa2 19. Ra1 Bf7 20. Ra7 Kc7 21.
Ne1 Rd8 22. Ke3 Kb8 23. Ra1 e6 24. f4 Bf8 25. Nd3 Re8 26. g4 gxf4+ 27. Kxf4 e5+
28. dxe5 fxe5+ 29. Kf3 Bd5 30. Re1 Bd6 31. Rg1 Rg8 32. Re1 Rf8+ 33. Ke3 b5 34.
b4 Kc7 35. Ra1 Be6 36. Nc5 Bxc5+ 37. bxc5 Bd5 38. Rg1 Rf4 39. Bxd5 cxd5 40. h4
Kc6 41. g5 hxg5 42. hxg5 Kxc5 43. g6 Rf8 44. Rg5 Kd6 45. g7 Rg8 46. Kd3 Ke6 47.
Rg6+ Kf7 48. Rd6 Rxg7 49. Rxd5 Kf6 50. Rxb5 Kf5 51. Ke3 Rh7 52. Kf3 Rh3+ 53.
Kf2 Kf4 54. Rxb7 Rxc3 55. Rf7+ Ke4 56. Re7 Rc2+ 57. Ke1 Kd4 58. Rh7 e4 59. Rh4
Kd3 60. Rh8 Rc1+ 61. Kf2 e3+ 62. Kf3 Rf1+ 63. Kg2 e2 64. Rd8+ Kc4 0-1

[Event "XI Open Challenge"]
[Site "Bergamo ITA"]
[Date "2012.07.13"]
[Round "2"]
[White "Ramacker, Nico"]
[Black "Cocconcelli, Lorenzo"]
[WhiteElo "1835"]
[BlackElo "1994"]
[Result "1/2-1/2"]
[PlyCount "35"]
[EventDate "2012.07.13"]

1. d4 d5 2. c4 c6 3. Nc3 Nf6 4. Bg5 e6 5. e3 Nbd7 6. Nf3 Qa5 7. Nd2 Bb4 8. Qc2
c5 9. dxc5 Qxc5 10. Bxf6 Nxf6 11. a3 Bxc3 12. Qxc3 Bd7 13. b4 Qe7 14. cxd5 exd5
15. Be2 O-O 16. O-O b6 17. Nf3 Rac8 18. Qb2 1/2-1/2

[Event "XI Open Challenge"]
[Site "Bergamo ITA"]
[Date "2012.07.14"]
[Round "3"]
[White "Georgieva, Emilia"]
[Black "Cruz Guerra, Samuel"]
[WhiteElo "1951"]
[BlackElo "1854"]
[Result "1/2-1/2"]
[PlyCount "80"]
[EventDate "2012.07.13"]

1. d4 Nf6 2. Nf3 b5 3. Bg5 Bb7 4. Nbd2 a6 5. e3 e6 6. Bd3 c5 7. c3 h6 8. Bxf6
Qxf6 9. Ne4 Bxe4 10. Bxe4 d5 11. Bd3 Nd7 12. O-O Qd8 13. e4 Nb6 14. Re1 c4 15.
Bc2 Bd6 16. e5 Be7 17. h3 a5 18. Nh2 b4 19. f4 a4 20. cxb4 Bxb4 21. Rf1 a3 22.
b3 O-O 23. Rf3 Rc8 24. Rg3 f5 25. Qh5 Rf7 26. Qxh6 cxb3 27. Bxb3 Rc3 28. Qg6
Qc8 29. Rd1 Rfc7 30. Nf3 Qd7 31. Kh2 Qf7 32. Qg5 Be7 33. Qh6 Nc4 34. Ba4 Bd8
35. Re1 Ne3 36. Rg6 Ra7 37. Bb5 Rb7 38. Rb1 Rbc7 39. Re1 Rb7 40. Rb1 Rbc7
1/2-1/2

[Event "XI Open Challenge"]
[Site "Bergamo ITA"]
[Date "2012.07.14"]
[Round "3"]
[White "Mondal, Prince"]
[Black "Ganci, Stefano"]
[WhiteElo "1835"]
[BlackElo "1920"]
[Result "1/2-1/2"]
[PlyCount "68"]
[EventDate "2012.07.13"]

1. e4 b6 2. d4 Bb7 3. Nc3 e6 4. Bd3 Nf6 5. Qe2 Bb4 6. Nf3 d5 7. e5 Nfd7 8. a3
Bxc3+ 9. bxc3 c5 10. Qd1 Nc6 11. Be3 Ne7 12. Rb1 Qc7 13. Qd2 Rc8 14. O-O c4 15.
Be2 O-O 16. Bf4 Ng6 17. Bg3 Qd8 18. h4 Ne7 19. h5 f6 20. h6 g6 21. exf6 Nxf6
22. Ng5 Ne4 23. Nxe4 dxe4 24. Bh4 Qe8 25. Rb4 Nf5 26. Bg5 Bd5 27. Bf4 Qe7 28.
Bg5 Qc7 29. Rfb1 Ne7 30. Bg4 Rf7 31. Rf1 Rcf8 32. Qe3 Nc6 33. Rbb1 Ne7 34. Rb4
Nc6 1/2-1/2

[Event "XI Open Challenge"]
[Site "Bergamo ITA"]
[Date "2012.07.14"]
[Round "4"]
[White "Bardone, Lorenzo"]
[Black "Swannie, Douglas"]
[WhiteElo "1872"]
[BlackElo "1914"]
[Result "1-0"]
[PlyCount "61"]
[EventDate "2012.07.13"]

1. e4 e5 2. Nf3 Nc6 3. Bb5 Nf6 4. O-O Bc5 5. Nxe5 Nxe5 6. d4 a6 7. dxe5 Nxe4 8.
Bd3 d5 9. Bxe4 dxe4 10. Qxd8+ Kxd8 11. Bg5+ Ke8 12. Re1 Bf5 13. Nd2 h6 14. Bf4
e3 15. Bxe3 Rd8 16. Nf3 Be7 17. Nd4 Bg6 18. c3 c5 19. Nb3 c4 20. Nd4 Bc5 21.
Nf3 Bxe3 22. Rxe3 Rd3 23. Rae1 Ke7 24. Nd4 Rd8 25. h3 Rd5 26. f4 R3xd4 27. cxd4
Rxd4 28. Rf3 Be4 29. Rf2 b5 30. f5 f6 31. Rf4 1-0

[Event "XI Open Challenge"]
[Site "Bergamo ITA"]
[Date "2012.07.14"]
[Round "4"]
[White "Cocconcelli, Lorenzo"]
[Black "Patrucco, Carlo"]
[WhiteElo "1994"]
[BlackElo "1864"]
[Result "1-0"]
[PlyCount "83"]
[EventDate "2012.07.13"]

1. d4 Nf6 2. c4 c5 3. d5 b5 4. Qc2 b4 5. a3 Qa5 6. Nd2 bxa3 7. Rxa3 Qc7 8. e4
d6 9. h3 g6 10. Ngf3 Nbd7 11. Be2 Bg7 12. O-O O-O 13. b3 e5 14. Nh2 a5 15. Bb2
Ne8 16. g4 Nb6 17. Bc3 a4 18. bxa4 Bd7 19. a5 Nc8 20. f4 exf4 21. Rxf4 Bh6 22.
Rf1 Ne7 23. Nhf3 Qc8 24. Nh2 f5 25. gxf5 gxf5 26. e5 Be3+ 27. Kh1 dxe5 28. Bxe5
f4 29. Rxe3 Bf5 30. Ng4 Ra6 31. Rg1 Kf7 32. Ne4 Ng6 33. Nh6+ Ke7 34. Bxf4 Kd8
35. Nxf5 Nxf4 36. Neg3 Ng7 37. Qe4 Nxf5 38. Nxf5 Qxf5 39. Qe7+ Kc8 40. Bg4 Qxg4
41. Qxf8+ Kb7 42. Rxg4 1-0

[Event "XI Open Challenge"]
[Site "Bergamo ITA"]
[Date "2012.07.15"]
[Round "5"]
[White "Ganci, Stefano"]
[Black "Cocconcelli, Lorenzo"]
[WhiteElo "1920"]
[BlackElo "1994"]
[Result "0-1"]
[PlyCount "126"]
[EventDate "2012.07.13"]

1. b4 d5 2. Bb2 Nf6 3. e3 g6 4. Nf3 Bg7 5. c4 c6 6. Nc3 O-O 7. Qb3 e6 8. d3
Nbd7 9. Be2 Re8 10. Rb1 b6 11. O-O Bb7 12. d4 dxc4 13. Bxc4 Qe7 14. Rfd1 Nd5
15. Nxd5 cxd5 16. Bb5 Rec8 17. Rdc1 Nf6 18. Bd3 Ne8 19. b5 Rab8 20. Bc3 Qd7 21.
Rc2 Rc7 22. Rbc1 Rbc8 23. Bb4 f6 24. Rxc7 Rxc7 25. Rxc7 Qxc7 26. Qc3 Bf8 27.
Qxc7 Nxc7 28. Bxf8 Kxf8 29. Kf1 a6 30. bxa6 Bxa6 31. Ke2 Ke7 32. Kd2 Kd6 33.
Bxa6 Nxa6 34. Kc3 Kc6 35. Ne1 b5 36. Nd3 Kb6 37. h4 Nc7 38. Nc5 Kc6 39. Kb4 e5
40. f3 exd4 41. exd4 h6 42. g3 Ne8 43. Ne6 Nd6 44. Nf4 g5 45. hxg5 fxg5 46. Nd3
Nf5 47. Ne5+ Kb6 48. Nf7 Nxd4 49. Nxh6 Nxf3 50. Nf7 Kc6 51. Nh6 d4 52. Nf5 Kd5
53. Kxb5 d3 54. Ne3+ Kd4 55. Nd1 d2 56. a4 Kd3 57. a5 Nd4+ 58. Kb6 Ne2 59. g4
Nc3 60. Nf2+ Ke2 61. a6 Kxf2 62. a7 d1=Q 63. a8=Q Qd6+ 0-1

[Event "XI Open Challenge"]
[Site "Bergamo ITA"]
[Date "2012.07.15"]
[Round "5"]
[White "Georgieva, Emilia"]
[Black "Bardone, Lorenzo"]
[WhiteElo "1951"]
[BlackElo "1872"]
[Result "0-1"]
[PlyCount "74"]
[EventDate "2012.07.13"]

1. d4 d5 2. Nf3 Nf6 3. Bg5 Ne4 4. Bh4 c5 5. e3 Nc6 6. c3 Qb6 7. Qb3 c4 8. Qxb6
axb6 9. Nbd2 Nxd2 10. Nxd2 b5 11. e4 e6 12. Be2 Bd6 13. Bf3 O-O 14. exd5 exd5
15. Bxd5 Re8+ 16. Kd1 Bf5 17. Bg3 Bxg3 18. hxg3 Bd3 19. Bf3 b4 20. a3 b3 21.
Bd5 Na5 22. f4 Re7 23. Nf3 Rd8 24. Rh5 Re2 25. Bxf7+ Kxf7 26. Rxa5 Rxg2 27.
Ne5+ Kg8 28. Rb5 Bc2+ 29. Kc1 Rg1+ 30. Kd2 Rxa1 31. Rxb7 Rd1+ 32. Ke3 Bd3 33.
g4 Re1+ 34. Kd2 Re2+ 35. Kc1 Rc2+ 36. Kd1 Rxb2 37. Nxd3 cxd3 0-1

[Event "XI Open Challenge"]
[Site "Bergamo ITA"]
[Date "2012.07.15"]
[Round "6"]
[White "Bardone, Lorenzo"]
[Black "Cocconcelli, Lorenzo"]
[WhiteElo "1872"]
[BlackElo "1994"]
[Result "1/2-1/2"]
[PlyCount "31"]
[EventDate "2012.07.13"]

1. e4 e6 2. d4 d5 3. Nc3 Bb4 4. e5 c5 5. Bd2 Ne7 6. f4 O-O 7. Nf3 cxd4 8. Nb5
Bxd2+ 9. Qxd2 a6 10. Nbxd4 Nbc6 11. Bd3 f6 12. c3 Qc7 13. O-O Bd7 14. Rae1 f5
15. Qf2 Nxd4 16. Nxd4 1/2-1/2

[Event "XI Open Challenge"]
[Site "Bergamo ITA"]
[Date "2012.07.15"]
[Round "6"]
[White "Ceka, Shpetim"]
[Black "Mondal, Prince"]
[WhiteElo "1863"]
[BlackElo "1835"]
[Result "0-1"]
[PlyCount "66"]
[EventDate "2012.07.13"]

1. e4 c5 2. Bc4 e6 3. Nc3 d6 4. f4 g6 5. Nf3 Bg7 6. O-O Ne7 7. d3 Nbc6 8. Ng5
Na5 9. Bb5+ Bd7 10. f5 exf5 11. exf5 Nxf5 12. Rxf5 gxf5 13. Qh5 Qf6 14. Bd2
Bxb5 15. Re1+ Kd7 16. Nxb5 Nc6 17. Rf1 Qg6 18. Qf3 h6 19. Nh3 a6 20. Nf4 Qg4
21. Qd5 axb5 22. Qxf7+ Ne7 23. Qe6+ Kc6 24. Qxe7 Be5 25. c3 Rhg8 26. g3 Rae8
27. Qf7 Bxf4 28. Bxf4 Re2 29. c4 bxc4 30. dxc4 Qh3 31. Qd5+ Kb6 32. Qxd6+ Ka7
33. Qxc5+ b6 0-1

[Event "C.to Italiano di Categoria C"]
[Site "Civitanova Marche ITA"]
[Date "2012.07.16"]
[Round "1"]
[White "Altini, Ruggiero"]
[Black "Catalano, Luigi"]
[WhiteElo "1873"]
[BlackElo "1690"]
[Result "1-0"]
[PlyCount "57"]
[EventDate "2012.07.15"]

1. d4 d6 2. c4 c5 3. d5 Nf6 4. Nc3 Nbd7 5. e4 Ne5 6. f4 Bg4 7. Be2 Bxe2 8. Qxe2
Ng6 9. e5 dxe5 10. fxe5 Nd7 11. Nf3 h6 12. e6 Nf6 13. exf7+ Kxf7 14. Ne5+ Nxe5
15. Qxe5 Qd6 16. Qe3 a6 17. O-O Kg8 18. Ne4 Nxe4 19. Qxe4 g5 20. Be3 Bg7 21.
Rf2 Rf8 22. Raf1 Rxf2 23. Rxf2 b6 24. Re2 Bf8 25. Bf2 Rh7 26. Bg3 Qf6 27. Rf2
Qd4 28. Qe6+ Rf7 29. Qxf7+ 1-0

[Event "C.to Italiano di Categoria C"]
[Site "Civitanova Marche ITA"]
[Date "2012.07.16"]
[Round "1"]
[White "Antonelli, Alessandro"]
[Black "Tagliaferri, Valerio"]
[WhiteElo "1973"]
[BlackElo "1837"]
[Result "1-0"]
[PlyCount "89"]
[EventDate "2012.07.15"]

1. d4 f5 2. c4 Nf6 3. Nf3 e6 4. g3 Be7 5. Bg2 O-O 6. O-O Ne4 7. Qc2 d5 8. Nbd2
Nc6 9. b3 a5 10. a3 Bf6 11. e3 g5 12. Bb2 Qd6 13. Rad1 b6 14. Rc1 Nxd2 15. Nxd2
Bd7 16. Nb1 Rac8 17. Nc3 Ne7 18. cxd5 exd5 19. Qd2 h6 20. Ne2 Ng6 21. Rfd1 Bg7
22. Nc3 Ne7 23. Qe2 c6 24. Qd3 b5 25. Ne2 Ng6 26. a4 b4 27. Rc5 Ra8 28. Rdc1
Rf7 29. Kh1 Kh8 30. Ng1 f4 31. e4 dxe4 32. Bxe4 Ne7 33. Nf3 fxg3 34. fxg3 Rff8
35. Ne5 Rf2 36. R5c2 Raf8 37. Qe3 Rxc2 38. Bxc2 Nd5 39. Qe2 Nc3 40. Bxc3 bxc3
41. Ng6+ Kg8 42. Nxf8 Kxf8 43. Rf1+ Kg8 44. Qd3 Qd5+ 45. Rf3 1-0